Ogni città al suo posto #2 - Statistics

Statistiche generali
  • Questo quiz è stato fatto 101 volte
  • Il punteggio medio è 14 su 20
Statistiche sulle risposte
Hint Risposta % Corretto
Riccione Emilia Romagna
98%
Châtillon Valle d'Aosta
95%
Rho Lombardia
93%
Alghero Sardegna
88%
Altamura Puglia
85%
Gela Sicilia
85%
San Benedetto del Tronto Marche
83%
Scandicci Toscana
81%
Bressanone Trentino Alto Adige
76%
Spoleto Umbria
76%
Pomezia Lazio
71%
Chiavari Liguria
70%
Schio Veneto
65%
Rende Calabria
59%
Nichelino Piemonte
59%
Montesilvano Abruzzo
54%
Scafati Campania
54%
Monfalcone Friuli-Venezia Giulia
51%
Rionero in Vulture Basilicata
43%
Venafro Molise
38%
Nessun quiz corrispondente trovato
Distribuzione punteggi
Percentuale di utenti per punteggio
Percentile per numero di risposta
I tuoi punteggi nel tempo
Non hai fatto questo quiz